El cambio climático en un punto crítico /

Uloženo v:
Podrobná bibliografie
Hlavní autor: Ki-moon, Ban
Médium: Text
Témata:
Tagy: Přidat tag
Žádné tagy, Buďte první, kdo vytvoří štítek k tomuto záznamu!

MARC

LEADER 00000 a a2200000 04500
001 10291
003
040
100 |a Ki-moon, Ban  
245 |a El cambio climático en un punto crítico /  |c Ban Ki-moon 
650 |a CAMBIOS CLIMATICOS  
650 |a MEDIO AMBIENTE  
650 |a CLIMA  
773 |g número 55; páginas 4-5  
999 |c 29932  |d 29932